000 00831nam a2200217Ii 4500
003 JO-AjNU
008 230605s9999||||xx |||||||||||||| ||und||
017 _a2005/7/1811
040 _aJO-AjNU
_bara
_erda
_cJO-AjNU
041 _aara
050 1 4 _aB5344.M34.M3734.2006
100 3 _aمرجي،فوزية عيد ، حلمي،منيرة/تقديم,
_eauthor
_910998
245 0 0 _aزكي نجيب محمود :فلسفة التوفيق بين الثقافتين العربية والإسلامية والغربية
250 _aط1
264 3 1 _aاربد:عالم الكتب الحديث للنشر والتوزيع ،2006
300 _a441ص
336 _atext
_btxt
_2rdacontent
337 _aunmediated
_bn
_2rdamedia
338 _avolume
_bnc
_2rdacarrier
650 4 _aالفلسفة الاسلامية-الاسلام
_910999
999 _aA2096
_c5664
_d5664